[Event "Moscow-ch op"]
[Site "Moscow"]
[Date "1995.??.??"]
[Round "7"]
[White "Nikolenko, Oleg"]
[Black "Vorobiov, Evgeny E"]
[Result "1-0"]
[WhiteElo "2475"]
[BlackElo "2325"]
[Annotator "Shipov,S"]
[PlyCount "55"]
[EventDate "1995.??.??"]
[EventType "swiss"]
[EventRounds "11"]
[EventCountry "RUS"]
[SourceTitle "EXT 1997"]
[Source "ChessBase"]
[SourceDate "1996.11.15"]
[SourceVersion "1"]
[SourceVersionDate "1996.11.15"]
[SourceQuality "1"]

1. e4 c5 2. Nf3 d6 3. d4 cxd4 4. Nxd4 Nf6 5. Nc3 a6 6. Be3 e6 7. g4 e5 8. Nf5
g6 9. Bg2 (9. g5) 9... gxf5 (9... d5 $5 10. Bg5 gxf5 11. Nxd5 Be7 12. Bxf6 Bxf6
13. exf5 h5 14. h3 Bd7 15. Qe2 (15. Nxf6+ $5 Qxf6 16. Bxb7) 15... hxg4 16. hxg4
Rxh1+ 17. Bxh1 Bc6 $13 {Tolnai,T-Gavrikov,V/West Berlin/1989/0,5/19/}) 10. exf5
h6 11. Qe2 Nc6 (11... Rg8 12. h3 Qc7 (12... Bd7 $5 13. Bxb7 Bc6 14. Bxa8 Bxa8
15. Rg1 Nd5 16. Nxd5 Bxd5 17. c4 $6 (17. O-O-O $13) 17... Bb7 18. O-O-O Nc6 $15
{Tayeb,S-Badea,B/Novi Sad/1990/0:1/33/}) 13. O-O-O (13. f4 Nc6 14. O-O-O Ne7
15. Rd2 Bd7 16. Rhd1 d5 17. Bxd5 $1 O-O-O 18. Bxf7 Rg7 19. Be6 $16 {Anka,
E-Novikov,I/Budapest/1989/1:0/43/}) 13... Bd7 14. f4 Bc6 15. fxe5 dxe5 16. Bb6
$1 Qxb6 17. Qxe5+ Be7 18. Rhe1 Be4 19. Nxe4 Kf8 20. Nd6 Qc7 21. Nxf7 $1 $16 {
Tolnai,T-Gavrikov,V/Budapest/1989/0,5/48/}) 12. O-O-O Rg8 13. h3 Qa5 (13...
Bxf5 $6 14. Bxc6+ bxc6 15. gxf5 Qa5 16. f4 $36) 14. f4 Bd7 15. a3 O-O-O 16. Qf2
$1 Kc7 $2 (16... exf4 17. Bb6 Qe5 18. Rhe1 Re8 19. Rxe5 dxe5 $16) (16... Rxg4
$5 17. hxg4 Nxg4 18. Qe2 Nxe3 19. Qxe3 exf4 20. Qxf4 Qxf5 $14) 17. Bd2 $2 (17.
Rd5 $142 $1) 17... Qc5 $2 (17... exf4 $1 18. Bxf4 (18. Nd5+ $6 Qxd5 19. Bxd5
Nxd5 $17) 18... Ne5 $15) 18. Be3 Qa5 19. Rd5 $1 Nxd5 20. Nxd5+ Kc8 21. Bb6 Qb5
(21... Qa4 22. Bxd8 Kxd8 23. Qb6+ $18) 22. Rd1 $1 Nd4 (22... exf4 23. Bf1 Qa4
24. Bxd8 Kxd8 25. Qb6+ $18) (22... Ne7 23. Bxd8 Kxd8 24. Nf6 Rg7 25. fxe5 $18)
23. fxe5 dxe5 24. Rxd4 $1 exd4 (24... Bc6 25. a4 exd4 (25... Qxd5 26. Bxd5 Rxd5
27. Rxd5 Bxd5 28. Qd2 $18) 26. axb5 Bxd5 27. Qxd4 $18) 25. Qg3 Qc4 $8 26. Bc7
$18 Bc5 27. Bb8 Bd6 28. Bxd6 1-0

[Event "RUS-Cup01 Chigorin Memorial"]
[Site "St Petersburg"]
[Date "1996.??.??"]
[Round "4"]
[White "Bologan, Viktor"]
[Black "Novgorodskij, Vladimir"]
[Result "1-0"]
[WhiteElo "2600"]
[BlackElo "2365"]
[Annotator "Shipov,S"]
[PlyCount "71"]
[EventDate "1996.11.??"]
[EventType "swiss"]
[EventRounds "9"]
[EventCountry "RUS"]
[SourceTitle "CBM 056 Extra"]
[Source "ChessBase"]
[SourceDate "1997.03.01"]
[SourceVersion "1"]
[SourceVersionDate "1997.03.01"]
[SourceQuality "1"]

1. e4 c5 2. Nf3 d6 3. d4 cxd4 4. Nxd4 Nf6 5. Nc3 a6 6. Be3 e6 7. g4 h6 (7... b5
) (7... e5) (7... h5 $5) 8. Bg2 (8. f4) 8... e5 $5 (8... Nc6 9. h3 (9. Nxc6 $5
bxc6 10. e5 Nd5 (10... dxe5 $5 11. Bxc6+ Bd7 12. Bxa8 Qxa8 $13) 11. Nxd5 cxd5
12. c4 dxe5 13. cxd5 Bb4+ 14. Kf1 O-O 15. a3 Bd6 16. dxe6 Bxe6 17. Bxa8 Qxa8
18. Rg1 Rd8 $146 {Stefansson,H-Olafsson,H/Reykjavik/1992/1:0/48/}) 9... Ne5 10.
Qe2 (10. f4 Nc4 11. Bc1 e5 $1 $132) 10... g5 $1 11. O-O-O Bd7 12. f4 gxf4 13.
Bxf4 Qc7 (13... Rc8 14. Rhe1 Rxc3 $5 15. bxc3 Qa5 16. Kb2 b5 17. Nb3 Qc7 18.
Bxe5 dxe5 19. Rd3 Bc6 20. Qf2 Nd7 $146 {Tolnai,T-Van Wely,L/AUS/1992/1:0/35/})
14. Nf3 O-O-O $132 {Velimirovic,D-Ilincic,Z/Novi Sad/1995/0:1/45/}) 9. Nf5 g6
10. Qe2 (10. Nxh6 $5 Bxh6 11. Bxh6 Nxg4 12. Bd2 Nc6 13. Nd5 Be6 14. h3 Qh4 15.
Rf1 Nf6 16. Nc7+ Kd7 17. Nxa8 Rxa8 18. Be3 Nxe4 19. Qd3 f5 20. O-O-O $14 {
Nurkiewicz,M-Barskij,V/Warzsawa/1993/1:0/29/}) 10... gxf5 11. exf5 Rg8 (11...
Nc6 12. O-O-O Rg8 13. h3 Qc7 14. f4 Ne7 15. Rhe1 Bd7 16. Qf2 Rc8 17. Bb6 Qb8
18. Rxd6 $1 $40 {Szalanczy,E-Schlosser,P/Balatonbereny/1989/1:0/26/}) 12. h3
Bd7 $1 (12... Qc7 13. O-O-O Bd7 $2 14. f4 Bc6 15. fxe5 dxe5 16. Bb6 $1 Qxb6 17.
Qxe5+ Be7 18. Rhe1 $18) 13. Bxb7 $1 (13. O-O-O Bc6 14. f4 Nbd7 15. Bxc6 bxc6
16. g5 hxg5 17. fxg5 Nd5 18. Nxd5 cxd5 19. h4 $146 {Tolnai,T-Rychagov,M/
Katerini/1992/0.5/29/}) 13... Bc6 14. Bxa8 Bxa8 15. Rg1 Qa5 16. O-O-O Nbd7 17.
f4 {/\ g5/} Nd5 18. Nxd5 Bxd5 19. a3 Bc6 20. Qc4 $1 Qb5 21. Qc3 $1 e4 $2 (21...
Nf6 $1 22. fxe5 (22. g5 $5) 22... Nd5 $1 (22... dxe5 $2 23. a4 $1) (22... Ne4
$2 23. Qd3 Qxe5 (23... Qxd3 24. cxd3 $1) 24. Qxa6 $40) 23. Qd4 Nxe3 24. Qxe3
dxe5 $13) (21... Bg7 22. Rxd6 exf4 23. Bd4) 22. g5 d5 23. gxh6 $1 $16 Rxg1 24.
Rxg1 Bxh6 25. b3 $1 Bf8 26. a4 Qb7 27. h4 Qc7 28. h5 Qd6 29. Rg8 Ke7 30. Kb1
Bh6 $2 (30... Qf6 31. Bc5+ $1 $18) (30... Bb7 $5) (30... f6 $5) 31. Qa5 $1 $18
Kf6 (31... Bf8 32. h6 $1 Qxh6 33. Bc5+ Nxc5 34. Qxc5+ Ke8 35. Rxf8+ Qxf8 36.
Qxc6+ Kd8 37. Qxd5+ Kc7 38. Qxe4 $18) 32. Qd8+ Kxf5 33. Rg5+ $1 Ke6 (33... Bxg5
34. Qxg5+ Ke6 35. f5+ Ke5 36. Bf4+ $18) 34. Qe8+ Qe7 35. f5+ $1 Kd6 36. Bf4+ (
36. Bf4+ Ne5 37. Bxe5+ Qxe5 38. Qb8+ $18) 1-0

[Event "Cappelle op 10th"]
[Site "Cappelle la Grande"]
[Date "1994.??.??"]
[Round "6"]
[White "Rasik, Vitezslav"]
[Black "Shipov, Sergei"]
[Result "1/2-1/2"]
[WhiteElo "2450"]
[BlackElo "2525"]
[Annotator "Shipov,S"]
[PlyCount "42"]
[EventDate "1994.02.??"]
[EventType "swiss"]
[EventRounds "9"]
[EventCountry "FRA"]
[SourceTitle "CBM 040"]
[Source "ChessBase"]
[SourceDate "1994.06.01"]
[SourceVersion "1"]
[SourceVersionDate "1994.06.01"]
[SourceQuality "1"]

1. e4 c5 2. Nf3 d6 3. d4 cxd4 4. Nxd4 Nf6 5. Nc3 e6 6. g4 h6 7. h4 Be7 8. Be3
Nc6 9. Rg1 h5 $5 (9... d5) 10. gxh5 Nxh5 11. Be2 g6 12. Qd2 a6 13. O-O-O Bd7
14. f4 Nf6 $1 $146 (14... Bxh4 $2 15. f5 $1 $40) 15. Nf3 (15. f5 $2 gxf5 16.
exf5 e5 $1) 15... Qa5 (15... Qc7 $5 16. e5 $140 dxe5 17. fxe5 Nd5 $1 18. Nxd5
exd5 19. Qxd5 Nb4 $132) 16. e5 $1 (16. Ng5 b5 $5 {/\ b4}) 16... dxe5 17. fxe5
Nd5 (17... Nxe5 $2 18. Nxe5 (18. Rg5 Nxf3 19. Bxf3 Qc7 20. Bf4 Qb6 $1 21. Be3 (
21. Be5 $2 Rxh4 $1 22. Bxf6 Bxf6 23. Qxd7+ Kf8 $36) 21... Qc7 $10) 18... Qxe5
19. Bd4 Qc7 20. Qe3 $3 (20. Rgf1 e5 $1) (20. Qg5 Ng8 $1) 20... Rxh4 21. Be5 $16
) 18. Nxd5 Qxd2+ 19. Bxd2 $2 (19. Rxd2 exd5 20. Rxd5 Nb4 21. Rd2 Nxa2+ 22. Kb1
Nb4 23. Bc4 $36) 19... exd5 20. Bg5 Bxg5+ (20... Be6 $5) 21. Rxg5 Ne7 $10
1/2-1/2

[Event "Hoogovens"]
[Site "Wijk aan Zee"]
[Date "1996.01.23"]
[Round "9"]
[White "Shirov, Alexei"]
[Black "Gelfand, Boris"]
[Result "1-0"]
[WhiteElo "2690"]
[BlackElo "2700"]
[Annotator "Shirov,A"]
[PlyCount "83"]
[EventDate "1996.01.13"]
[EventType "tourn"]
[EventRounds "13"]
[EventCountry "NED"]
[EventCategory "17"]
[SourceTitle "CBM 051"]
[Source "ChessBase"]
[SourceDate "1996.04.01"]
[SourceVersion "1"]
[SourceVersionDate "1996.04.01"]
[SourceQuality "1"]

1. e4 {Boensch Ftacnik} c5 2. Nf3 d6 3. d4 cxd4 4. Nxd4 Nf6 5. Nc3 a6 6. Be3 e6
7. g4 e5 (7... h6 8. f4 Nc6 9. Be2 e5 10. Nf5 g6 11. Ng3 exf4 12. Bxf4 Be6 13.
Rf1 Rc8 14. h3 Qb6 15. Qd2 Bg7 16. Bxd6 Nxg4 17. Bxg4 Qxb2 18. e5 Nxe5 19. Rb1
Qxc3 20. Qxc3 Rxc3 21. Bxe6 fxe6 22. Rxb7 Nc4 23. Bb4 Re3+ 24. Ne2 Be5 25. Rff7
Rxh3 26. Nd4 Re3+ 27. Kf1 Re4 28. Rfe7+ Kd8 29. Nc6+ {1-0 Topalov,V-Kasparov,G/
Moscow olm (BUL-RUS1) ;CBM 45 1994}) 8. Nf5 g6 9. g5 (9. Bg2 $5 {Boensch} gxf5
(9... d5 $5 10. Bg5 gxf5 11. Nxd5 Be7 12. Bxf6 Bxf6 13. exf5 h5 14. h3 Bd7 15.
Qe2 hxg4 16. hxg4 Rxh1+ 17. Bxh1 Bc6 $13 {Tolnai,T-Gavrikov,V Berlin 1989 1/2
19}) 10. exf5 h6 11. Qe2 Nc6 12. O-O-O Rg8 13. h3 Qa5 14. f4 Bd7 15. a3 O-O-O
16. Qf2 $1 $36 {Nikolenko,O-Vorobiov,E Moscow-ch op(07) 1995 1-0 28}) 9... gxf5
10. exf5 (10. gxf6 f4 11. Bc4 Be6 12. Bxe6 fxe6 13. Qh5+ Kd7 14. Qf7+ Kc6 15.
Bd2 Qd7 16. Qh5 b5 17. a4 b4 18. Ne2 a5 $15 {Ljubojevic,L-Polugaevsky,L
Roquebrune 30 ' (20) 1992 1/2 54}) 10... d5 11. gxf6 (11. Qf3 d4 (11... Bb4 12.
gxf6 d4 13. O-O-O Qa5 14. Bxd4 Nc6 15. Qe3 Nxd4 16. Rxd4 Bxc3 17. bxc3 Bxf5 18.
Bc4 Be6 19. Rd5 (19. Re4 $16 {Boensch}) 19... Qa3+ 20. Kb1 Bxd5 21. Qxe5+ Be6
22. Bxe6 fxe6 23. Rg1 $4 (23. Qxe6+ {Boensch} Kf8 24. Rg1 Re8 25. Qd7 $19)
23... O-O-O {0-1 Anka,E-Vrenegoor,T Harkany op (03) 1994 - EXP 45}) (11... Bd7
{Boensch} 12. O-O-O Bc6 13. Qe2 Bb4 14. Bd4 Ne4 15. Bxe5 Bxc3 16. Bxc3 Qxg5+
17. Kb1 Rg8 $2 (17... O-O $3 $19) 18. f3 Nd7 19. fxe4 dxe4 20. h4 $14 {Timman,
J-Portisch,L Reykjavik 1987 1-0 39}) 12. O-O-O Nbd7 13. Bd2 (13. gxf6 {Boensch}
dxc3 14. Bc4 Qxf6 $17) 13... Qc7 14. Bd3 Nc5 15. Bc4 dxc3 16. Bxc3 Nfe4 17.
Rhe1 Nxc3 18. Qxc3 Bg7 19. f6 O-O 20. Rxe5 Be6 $17 {WEdberg,T-Novikov,I
Copenhagen op (07) 1991 0-1 34}) 11... d4 12. Bc4 $1 Qxf6 (12... Qc7 13. Qd3 (
13. Qd3 {Ftacnik} dxc3 (13... Bb4 14. O-O-O Bxc3 $5 $13) (13... dxe3 14. O-O-O
Nc6 15. Nd5 Qa5 16. f4 Bh6 17. Kb1 b5 18. fxe5 e2 19. Qxe2 Bb7 20. Bb3 O-O-O
21. e6 Rhe8 22. Qh5 Nb4 23. Ne7+ Kb8 24. Qxh6 Bxh1 25. Rxh1 fxe6 26. a3 {
1-0 Gallagher,J-Shneider,A/Bern op (09)/1995/}) 14. O-O-O Nc6 15. Rhe1 cxb2+ $2
(15... Bb4 $13) 16. Kb1 Bb4 17. Rg1 $1 (17. c3 Ba3 18. Bf4 Qd7 19. Bd5 Qxd5 20.
Qxd5 Bxf5+ 21. Rd3 O-O 22. Bh6 Rfd8 23. Rg1+ Kh8 24. Bg7+ Kg8 25. Bh6+ Kh8 26.
Bg7+ Kg8 27. Bh6+ {1/2-1/2 Sigurjonsson,G-Olafsson,H/Neskaupsstadur/1984/})
17... Rf8 18. f4 $1 exf4 $8 19. Bxf4 $2 (19. Bb6 $1 Qxb6 20. Qe4+ Ne7 21. fxe7
Bxe7 22. Rge1 Qf6 23. Rd5 $1 {/\ Re5+-}) 19... Qxf4 20. Rge1+ Bxe1 21. Rxe1+
Be6 $1 (21... Ne5 $2 22. Qd6 Qc1+ 23. Rxc1 bxc1=Q+ 24. Kxc1 Nc6 25. Bd5 $18)
22. fxe6 Qd4 $1 $8 23. exf7+ Kd8 24. Qxd4+ Nxd4 25. Rd1 Kc7 26. Rxd4 Rad8 $10 {
1/2-1/2 Kotronias,V-Arnason,J/Reykjavik/1992/ (38)}) (13. Qe2 dxe3 14. O-O-O
Bxf5 15. Nd5 Qc6 16. Qh5 e2 17. Qxf5 exd1=Q+ 18. Rxd1 Bd6 19. f4 Nd7 20. fxe5
Nxe5 21. Re1 Qd7 22. Rxe5+ Kd8 23. Nb6 Qxf5 24. Rxf5 {1-0 Joecks,C-Belaska,P/
Prague Viktoria (07)/1991/ (44)})) 13. Nd5 (13. Ne4 Qxf5 14. Bd3 Qe6 15. Bg5
Nd7 16. Qh5 b6 17. f4 Bb7 18. f5 Qd5 19. Kf2 Rc8 20. Rhg1 h6 21. Rae1 Rg8 22.
Bh4 Rxg1 23. Kxg1 Rc6 {1-0 Kotronias,V-Thorhallsson,T/Gausdal Int (06)/1994/ 
(32)}) 13... Qc6 14. Bxd4 Bb4+ (14... Qxc4 $2 15. Nf6+ Ke7 16. Bxe5) (14...
exd4 $2 15. Qxd4) 15. c3 Qxc4 16. Be3 {Ftacnik: Chess theory has many faces
and this line belong to the wildest in the current praxis.} (16. Bxe5 $2 Qe4+
$19) (16. Nb6 {Ftacnik} Qxd4 17. Qxd4 exd4 18. cxb4 Bxf5 $1 19. Nxa8 Nd7 $44)
16... Ba5 $146 (16... Be7 17. Nb6 Qc6 18. Rg1 Nd7 (18... Bd8 $8 {Ftacnik} 19.
Nxa8 b5 20. Qh5 Qxa8 21. O-O-O $44) 19. Nxa8 b5 20. Qd5 $1 {
Thorhalsson-Arnason (Reykjavik 1992)} (20. Qd5 $1 Qb7 21. O-O-O Bd8 22. f6 Qxd5
23. Rxd5 Bb7 24. Rd6 Bxa8 25. Rgd1 Bf3 26. Rxd7 Bxd1 27. Rxd1 {1/2-1/2
Thorhallsson,T-Arnason,J/Reykjavik (03)/1992/ (64)})) (16... Bxf5 $5 {Ftacnik}
17. cxb4 Be4 $13) 17. Nf6+ Ke7 (17... Kf8 $2 {Ftacnik} 18. Qd6+ Kg7 19. Rg1+ (
19. Rg1+ {Boensch} Qg4 20. Rxg4#)) 18. Nd5+ Ke8 (18... Kd6 $2 {Ftacnik} 19.
Nb6+ $18) (18... Kf8 $2 {Ftacnik} 19. Nb6 $1 Bxb6 20. Qd6+ Ke8 21. Qxe5+ Be6
22. Qxh8+ $18) 19. Nf6+ Ke7 20. Bg5 $1 {Boensch: Mit Remis gibt sich der
Kämpfer Shirov nicht zufrieden.} (20. Nd5+ $10) 20... Bc7 $2 {Ftacnik: Even
the best players have problems to grasp the essence of this irrational
position.} (20... Rd8 21. Nxh7+ Ke8 (21... f6 $1 22. Bxf6+ Ke8 23. Qh5+ Qf7 24.
Qxf7+ (24. Qh6 $1 {Ftacnik} Rd6 (24... Bxf5 25. Ng5 Qg8 26. Bxd8 Bxd8 27. Nf3
$40) 25. Rg1 Nd7 26. Rg6 $40) 24... Kxf7 25. Bxd8 Bxd8 (25... Bxd8 {Boensch}
26. h4 $10)) 22. Nf6+ Ke7 (22... Kf8 23. Qh5 Bxc3+ 24. bxc3 Qxc3+ 25. Kf1 Qxa1+
26. Kg2 Qd4 27. Qh8+ Ke7 28. Ne4+ Kd7 29. Qxd8+ Kc6 30. Qxc8+ $18) 23. Ne4+ Kf8
(23... Ke8 $2 24. Qxd8+ (24. Qg4 $16) 24... Bxd8 25. Nd6+ $18) 24. Qg4 Rd4 25.
f3 $1 $36 (25. f3 Nd7 26. Qh4 f6 27. Bxf6 Nxf6 28. Qxf6+ $16)) (20... Qc6 $5 {
Ftacnik} 21. Nd7+ (21. Nd5+ Ke8 (21... Kf8 22. Qb3 $5 Nd7 23. Qa3+ Nc5 24. Be7+
Ke8 25. Qxc5 Qxc5 26. Bxc5 Bxf5 27. Nf6+ Kd8 28. Rd1+ $16) 22. Nf6+ $10) (21.
Qb3 $3 {Boensch} Qxh1+ 22. Ke2 Qxa1 23. Qa3+ Kd8 24. Ne8+ f6 25. Bxf6+ Kd7 26.
Qd6+ Kxe8 27. Qe7#) 21... Ke8 22. Nf6+ Kf8 23. Bh6+ Ke7 24. Nd5+ Kd8 25. Bg5+
Ke8 26. Nf6+ $10) 21. Ne4+ $2 (21. Qd5 $1 Qxd5 (21... Qc6 22. O-O-O Bxf5 23.
Nxh7+ f6 24. Bxf6+ (24. Nxf6 Kf8 25. Bh6+ Ke7 26. Bg7 Rd8 27. Ng8+ Ke8 28. Nf6+
$10) 24... Ke8 25. Bxh8 Bxh7 26. Rhg1 $18) 22. Nxd5+ Kd6 (22... Kd7 23. O-O-O
f6 24. Be3 $1 $18) 23. O-O-O Kc6 (23... Bxf5 24. Nb6+ Kc6 25. Nxa8 Bd6 26. Nb6
Be6 27. c4) 24. Ne7+ Kb6 (24... Kb5 25. Rd5+ Ka4 26. b3+ Ka3 27. Kb1 Bxf5+ 28.
Ka1 Nc6 29. Bc1#) 25. Be3+ Ka5 26. Rd5+ b5 27. a4 $3 Nc6 (27... Bb7 28. b4+
Kxa4 29. Kb2 (29. Kb2 {Ftacnik} Bxd5 30. Ra1+) (29. Kc2 {Boensch} Bxd5 30. Ra1+
Ba2 31. Rxa2#)) (27... Kxa4 28. Kc2) 28. b4+ Nxb4 29. cxb4+ Kxb4 30. Kb2 Bb7 (
30... Kxa4 31. Ra1+ Kb4 32. Bc5+ Kc4 33. Rc1#) 31. Bd2+ Kxa4 32. Ra1#) 21...
Ke8 $2 (21... Kf8 $1 22. Bh6+ Ke7 (22... Ke8 $1 23. Qg4 $5 (23. Nf6+ Ke7 24.
Nd5+ Ke8 $10 (24... Ke8 25. Nf6+ $10)) (23. Qf3) 23... Qc6 24. Bg7 Rg8 25.
O-O-O (25. Nf6+ Qxf6 $1) 25... Nd7 26. f3 $5) 23. Qg4 (23. f6+ $2 Ke8 24. Nd6+
Bxd6 25. Qxd6 Qe4+ $17) 23... Nd7 24. O-O-O $1 $16 (24. Rd1 {Ftacnik} Qc6 $15)
(24. O-O-O {Boensch} Qxa2 25. Qg5+ Ke8 26. Qg7 $1 Qa1+ 27. Kd2 (27. Kc2 Qa4+
$13) 27... Qxb2+ 28. Ke1 Rf8 29. Nf6+ Ke7 30. Bg5 $1 Qxc3+ 31. Kf1 Qh3+ 32. Kg1
$18)) (21... f6 {Ftacnik} 22. Bxf6+ Kf8 23. Nd6 Qc6 24. Rg1 $16) 22. Qg4 {
Ftacnik: Finally white have found a way to continue with his development.} b5 (
22... Qc6 23. Nf6+ Kf8 24. O-O-O (24. Bh6+ {Ftacnik} Ke7 25. O-O-O $1 $40)
24... h5 (24... Nd7 25. Bh6+ Ke7 26. Nd5+ Ke8 27. Qg7 $18) 25. Bh6+ Ke7 (25...
Rxh6 {Boensch} 26. Qg8+ Ke7 27. Nd5+ Qxd5 28. Rxd5 $16) 26. Qg7 Qxf6 (26... Rd8
27. Ng8+ Rxg8 28. Bg5+ $18) (26... Rxh6 {Boensch} 27. Ng8+ Ke8 28. Nxh6 $18)
27. Bg5 Qxg5+ 28. Qxg5+ Ke8 29. f4 $1 $18) (22... Nd7 $2 {Ftacnik} 23. Nf6+
Nxf6 24. Qxc4 $18) 23. Nf6+ $2 (23. O-O-O $1 Nd7 24. Bh6 $1 (24. Rxd7 {Boensch}
Kxd7 25. Rd1+ Kc6 26. b3 Bxf5 $8 (26... h5 $2 27. Qf3 $18) 27. Qxf5 Qe6 28. Qf3
f5 $17) 24... Qxa2 25. Qg7 Qa1+ 26. Kd2 Qxb2+ 27. Ke1 Rf8 28. Nf6+ Ke7 29. Bg5
Qxc3+ 30. Kf1 Qh3+ 31. Kg1 $18) 23... Ke7 (23... Kf8 24. Bh6+ Ke7 25. Qg5 $1
Nd7 (25... Bb7 26. Rd1 $1 $18) (25... Kd6 {Boensch} 26. O-O-O+ Kc6 27. Qg2+ e4
28. Rd4 Qxa2 29. Qxe4+ Kb6 30. Be3 $18) 26. Nxd7+ Kxd7 27. O-O-O+ Kc6 (27...
Bd6 28. Qf6 $18) 28. Qg2+ e4 (28... Kb6 29. Qxa8 Qxa2 30. Be3+ Ka5 31. Qe4 $18)
29. Rd4 Qxa2 30. Qxe4+ Kb6 31. Be3 Ka5 (31... Ka7 32. Rd8+ $18) 32. Ra4+ $3
Qxa4 (32... bxa4 33. Qb4#) 33. b4+ Qxb4 34. Qxb4#) 24. O-O-O $1 (24. Qxc4 $6
bxc4 25. O-O-O Bb7 $13) 24... Qxg4 $8 (24... Qxa2 $2 {Ftacnik} 25. Qb4+) (24...
h6 {Ftacnik} 25. Nd5+ Kd7 26. Ne3+ $18) 25. Nxg4+ Kf8 (25... Ke8 $2 26. Nf6+
Kf8 27. Bh6+ Ke7 28. Nd5+ $18 (28. Nd5+ {Ftacnik} Kd6 29. Nb6+ Kc6 30. Nxa8 Bd6
31. Bg7 $18 (31. Rd2 {Boensch} Bb7 32. Rhd1 Bc5 33. b4 Be7 34. f6 $18))) 26.
Bh6+ Ke7 27. Bg5+ Kf8 28. Bd8 $1 {Ftacnik: Very inventive idea, Shirov has
based his chess provess also on his remarkable creativity.} (28. Bh6+ $10 {
Boensch}) 28... Bxf5 (28... Bxd8 $2 {Ftacnik} 29. Rxd8+ Kg7 30. f6+ Kg6 31.
Nxe5+ Kxf6 32. Rxh8 $16) (28... h5 {Ftacnik} 29. Bxc7 hxg4 30. Rd8+ Kg7 31.
Bxe5+ f6 32. Bxf6+ Kxf6 33. Rxh8 Bb7 34. Rg1 Bf3 35. Kd2 $16) (28... Ra7 {
Ftacnik} 29. Bxc7 Rxc7 30. Rd8+ Kg7 31. f6+ Kg6 32. Rxh8 Bxg4 33. Rg1 $18) 29.
Bxc7 Nc6 $6 (29... Bxg4 30. Rd8+ Kg7 31. Bxe5+ f6 32. Bxf6+ Kxf6 33. Rxh8 $18
Bf3 $140 34. Rf8+) (29... Nd7 $1 30. Nxe5 (30. Bd6+ Kg7 31. Bxe5+ Nxe5 32. Nxe5
Rhe8 $14) (30. Bxe5 Nxe5 31. Nxe5 Rg8 $14) 30... Nxe5 31. Bxe5 (31. Bd6+ Kg7
32. Bxe5+ f6 $14) 31... Rg8 $14) 30. Nh6 $1 {Boensch: Mutig gespielt, was ist
schon ein P gegen Angriff?} (30. Nxe5 $14) (30. Bxe5 $14) (30. Nxe5 {Ftacnik}
Nxe5 31. Bd6+ (31. Bxe5 $16 {Boensch}) (31. Bxe5 $16 {Boensch}) 31... Kg7 32.
Bxe5+ f6 33. Rhg1+ Kf7 34. Bd4 $16) 30... Bg6 (30... Be6 31. Rhg1 $1 {/\32.Rd6}
(31. Rd6 {Ftacnik} Ne7 32. Rxe6 $1 fxe6 33. Bxe5) (31. Rhg1 {Boensch} Rc8 32.
Bd6+ Ke8 33. Ng4 Bxg4 34. Rxg4 $16)) (30... Be4 {Ftacnik} 31. Rhe1 Bf3 32. Rd7
$18) 31. Rd6 Nb4 $3 (31... Ne7 32. Rd7 (32. Rd7 {Boensch} Nc6 33. Rg1 $1 Ke8 (
33... Kg7 34. Nxf7 $18) 34. Rgd1 $16)) (31... Be4 {Ftacnik} 32. Re1 Rc8 33. Rd7
Bg6 (33... f5 34. Rf7+ Ke8 35. f3 Bd5 36. Bxe5 Bxf7 37. Bxh8+ $18) 34. Bxe5
Nxe5 35. Rxe5 $16) 32. cxb4 Kg7 33. h4 $1 (33. Nxf7 Kxf7 34. Rhd1 Rhc8 35. Rd7+
Ke8 $10) (33. Ng4 Rhc8 34. Rc6 (34. Rd7 Bf5 $15 (34... Bf5 35. Re7 Bxg4 36. Rg1
Kf6 $19)) (34. Nxe5 {Boensch}) 34... Be4 35. Bxe5+ Kf8 (35... f6 $5) (35... f6
$1 36. Bxf6+ Kg6) (35... f6 $15) 36. Bd6+ Kg7 37. Be5+ Kf8 $10) 33... Rhc8 34.
h5 $1 (34. Rc6 f6 $1 $10 (34... f6 $1 {Ftacnik} 35. Kd2 (35. Ng4 {Boensch} Be4
$19) 35... Kxh6 36. Rhc1 $14) (34... Be4 $2 35. Rg1+ Kf8 36. Bd6+ Ke8 37. Rg8+
$18)) 34... Rxc7+ 35. Kd2 Be4 (35... Kxh6 36. hxg6+ Kg7 37. Rxh7+ Kg8 38. a3
$16) 36. Rg1+ Kh8 (36... Kf8 37. Rg8+ (37. Ke3 {Ftacnik} Ke7 38. Rb6 $16) 37...
Ke7 38. Rxa8 Kxd6 (38... Bxa8 $6 39. Nf5+) 39. Rxa6+ $16) 37. Ke3 Bb7 (37... f5
{Ftacnik} 38. Rf6 Rg7 39. Rc1 $16) 38. Rgd1 $1 (38. Rf6 Rf8 (38... Bd5 39. Rxa6
$16) 39. Rg5 Re7 $14) 38... Re8 $6 {Ftacnik: Gelfand have managed nearly
impossible task of defending against manifold threats. Despite heroic
resistance his position remains critical.} (38... Rf8 39. Nf5 $16 Rc4 $140 40.
f3 Rf4 $2 41. Rd8 Rxf3+ 42. Ke2 Rxf5 43. h6 $3) 39. Nf5 $2 (39. Rd7 Rxd7 (39...
Rec8 40. Rxc7 Rxc7 41. Rg1 $18) 40. Rxd7 $18 (40. Rxd7 {Ftacnik} Bc6 (40... Bg2
41. Nxf7+ Kg8 42. Nh6+ Kh8 43. f3 $18) 41. Nxf7+ Kg8 42. Ra7 $18)) (39. Ng4 {
Ftacnik} f5 40. Nf6 Rf8 41. h6 $16) 39... Bc8 $4 {Ftacnik: Both plays have
chosen second rate moves in time trouble, but Black's mistake was more serious.
Now the fight is over.} (39... Rc4 $1 40. f3 (40. Rd7 {Ftacnik} Bc6 41. Rxf7
Re4+ 42. Kd3 Rxb4 $13) 40... Rf4 (40... f6 41. Rxf6 (41. Rd8 Rc8 42. R8d7 $16)
41... Rf4 $132) 41. Rd8 Rxf3+ 42. Ke2 Rxf5 43. Rxe8+ (43. h6 Bc6 $1 44. Rxe8+
Bxe8 45. Rd8 Rg5 46. Rxe8+ Rg8 47. Rxe5 Rg6 48. Re8+ Rg8 $10) 43... Kg7 44.
Rg1+ Kh6 45. Rf1 $1) 40. Rd8 Bxf5 (40... Bd7 {Ftacnik} 41. R1xd7 $18) 41. Rxe8+
Kg7 42. Rxe5 1-0